000
00224 a2200097 4500
001
14364
100
_a
Kiser, C.V
245
_a
Research in family planning
260
_a
New Jersey
_b
Princeton press
_c
090
_c
11263
_d
11263
942
_a
NUST-CAE
_c
M
_c
1407
999
_c
249437
_d
249437